[Event "HEM 2013 B Turnier"]
[Site "Korbach"]
[Date "2013.03.28"]
[Round "2.1"]
[White "Friedrich, Helmut"]
[Black "Lages, Karl Heinz"]
[Result "1/2-1/2"]
[WhiteElo "1696"]
[BlackElo "1917"]
[PlyCount "91"]
[EventDate "2013.??.??"]
[WhiteTeam "SC Schachmatt Weiterstadt"]
[BlackTeam "Sfr. Korbach"]

1. e4 e6 2. d4 d5 3. Nd2 Nf6 4. e5 Nfd7 5. Ngf3 c5 6. c3 Nc6 7. Nb3 c4 8. Nbd2
b5 9. Be2 b4 10. O-O Be7 11. Ne1 O-O 12. f4 f6 13. Ndf3 a5 14. Nc2 Rb8 15. Ne3
Rf7 16. Qe1 fxe5 17. fxe5 Nf8 18. Qg3 Ng6 19. Ng4 Rb7 20. Bd2 bxc3 21. Bxc3 Bb4
22. Rab1 Kh8 23. Qe1 Nf4 24. Qd2 Nxe2+ 25. Qxe2 Kg8 26. Qe3 Rf5 27. h3 Rbf7 28.
Rf2 Rf4 29. Rbf1 Bd7 30. Nf6+ R7xf6 31. exf6 Rxf6 32. Ne5 Nxe5 33. Rxf6 gxf6
34. dxe5 f5 35. Qh6 Qf8 36. Qg5+ Kh8 37. Rf4 Bc5+ 38. Kh2 Be3 39. Qg3 Bxf4 40.
Qxf4 a4 41. a3 Qg7 42. Qe3 h6 43. Qa7 Kh7 44. Qc7 h5 45. Qd8 Bc6 46. Bd4
1/2-1/2

[Event "HEM 2013 B Turnier"]
[Site "Korbach"]
[Date "2013.03.28"]
[Round "2.2"]
[White "Rolf, Marco"]
[Black "Bickmann, Uwe"]
[Result "1-0"]
[WhiteElo "1864"]
[BlackElo "1782"]
[PlyCount "97"]
[EventDate "2013.??.??"]
[WhiteTeam "SK Bad Homburg 1927"]
[BlackTeam "SC Marsberg e.V."]

1. d4 Nf6 2. c4 c5 3. d5 b5 4. Qc2 bxc4 5. e4 d6 6. Bxc4 g6 7. h3 Bg7 8. Nf3
O-O 9. O-O Nbd7 10. Re1 Bb7 11. Nc3 Nb6 12. Bf1 Qc8 13. Bf4 Ba6 14. Bxa6 Qxa6
15. Rad1 Rfd8 16. Re2 Rab8 17. e5 dxe5 18. Bxe5 Rb7 19. Bxf6 Bxf6 20. Ne4 Nd7
21. d6 e6 22. Red2 Bg7 23. Nxc5 Nxc5 24. Qxc5 Rxb2 25. Qc7 Rbb8 26. Ng5 Qb7 27.
Nxf7 Rf8 28. Qxb7 Rxb7 29. d7 Kxf7 30. d8=N+ Rxd8 31. Rxd8 Ke7 32. a4 Bc3 33.
g4 e5 34. Rc8 Bd4 35. Rc2 Kd6 36. Kg2 Rb4 37. Ra2 a5 38. Rc1 Kd5 39. Rc7 h6 40.
Rg7 Kc4 41. Rxg6 Kb3 42. Re2 Kxa4 43. Rxh6 Kb3 44. g5 a4 45. g6 Rb7 46. Rh7
Rxh7 47. gxh7 e4 48. Rxe4 Bf6 49. Re8 1-0

[Event "HEM 2013 B Turnier"]
[Site "Korbach"]
[Date "2013.03.28"]
[Round "2.3"]
[White "Wagner, Thomas"]
[Black "Ullmann, Ralf"]
[Result "1-0"]
[WhiteElo "1941"]
[BlackElo "1606"]
[PlyCount "63"]
[EventDate "2013.??.??"]
[WhiteTeam "SC Langenbieber"]
[BlackTeam "SC Eschwege"]

1. d4 b6 2. c4 e6 3. Nf3 Bb7 4. g3 Bxf3 5. exf3 d5 6. Bg2 Nf6 7. O-O Be7 8. Nc3
c6 9. b3 O-O 10. Bb2 Nbd7 11. Re1 Re8 12. f4 dxc4 13. bxc4 Rc8 14. Qa4 Qc7 15.
Rac1 Bf8 16. Re2 Red8 17. d5 Nc5 18. Qxc6 Qxc6 19. dxc6 Nd3 20. Rd1 Be7 21. Nb5
Nb4 22. Rxd8+ Bxd8 23. Nxa7 Rc7 24. Rd2 Be7 25. Nb5 Rxc6 26. Bxc6 Nxc6 27. Ba3
Ne4 28. Rd7 Bc5 29. Bxc5 Nxc5 30. Rc7 Nd8 31. Rc8 Ncb7 32. Nd6 1-0

[Event "HEM 2013 B Turnier"]
[Site "Korbach"]
[Date "2013.03.28"]
[Round "2.4"]
[White "Hesse, Klaus Dieter"]
[Black "Rubruck, Eberhard"]
[Result "1-0"]
[WhiteElo "1927"]
[BlackElo "1835"]
[PlyCount "89"]
[EventDate "2013.??.??"]
[WhiteTeam "SK Stadtallendorf"]
[BlackTeam "SK Bad Sooden-Allendorf"]

1. e4 c5 2. c3 e6 3. d4 d5 4. e5 Nc6 5. f4 cxd4 6. cxd4 Bb4+ 7. Nc3 Nh6 8. Nf3
Bd7 9. Bd3 a6 10. O-O g6 11. Kh1 Nf5 12. Bxf5 gxf5 13. Bd2 Bxc3 14. Bxc3 a5 15.
Be1 Qe7 16. Bh4 Qf8 17. a3 Ne7 18. Rc1 Bc6 19. Bf6 Rg8 20. Ng5 Rg6 21. Nxh7 Qh6
22. Ng5 Ng8 23. Rf3 Nxf6 24. Rh3 Qg7 25. exf6 Rxf6 26. Rh7 Qg8 27. Qh5 Ke7 28.
Rc3 Rf8 29. Rg3 Rg6 30. Rh3 Rg7 31. Qe2 Rxh7 32. Rxh7 Qg6 33. Qe5 Qf6 34. h4
Qxe5 35. fxe5 Be8 36. Rg7 Rh8 37. Rh7 Rg8 38. Kh2 a4 39. Kg3 Kf8 40. Kf4 Rg7
41. Rh8+ Ke7 42. h5 f6 43. exf6+ Kxf6 44. Rh6+ Ke7 45. Rxe6+ 1-0

[Event "HEM 2013 B Turnier"]
[Site "Korbach"]
[Date "2013.03.28"]
[Round "2.5"]
[White "Wuestehube, Harry"]
[Black "Herbst, Alexander"]
[Result "1/2-1/2"]
[WhiteElo "1912"]
[BlackElo "1597"]
[PlyCount "64"]
[EventDate "2013.??.??"]
[WhiteTeam "Kasseler SK 1876"]
[BlackTeam "SC Langenbieber"]

1. e4 e5 2. Nf3 Nc6 3. Bb5 f5 4. Nc3 fxe4 5. Nxe4 Nf6 6. Nxf6+ Qxf6 7. d3 Bc5
8. Qe2 Nd4 9. Nxd4 Bxd4 10. c3 Bb6 11. Be3 O-O 12. Bc4+ Kh8 13. O-O c6 14. Bxb6
axb6 15. Bb3 d6 16. Rad1 Be6 17. Bxe6 Qxe6 18. a3 Rae8 19. Rfe1 Qf7 20. f3 Qh5
21. Qf2 b5 22. Re4 Rf6 23. Rde1 Rh6 24. h3 d5 25. Rg4 Rg6 26. Qg3 Rxg4 27. hxg4
Qh6 28. f4 e4 29. dxe4 Rxe4 30. Rxe4 dxe4 31. Qe3 Qe6 32. f5 Qd5 1/2-1/2

[Event "HEM 2013 B Turnier"]
[Site "Korbach"]
[Date "2013.03.28"]
[Round "2.6"]
[White "Goebel, Knut"]
[Black "Henkel, Volker"]
[Result "1/2-1/2"]
[WhiteElo "1644"]
[BlackElo "1950"]
[PlyCount "68"]
[EventDate "2013.??.??"]
[WhiteTeam "SC Ober-Ramstadt"]
[BlackTeam "SC Rochade 1963 Beckum"]

1. d4 d5 2. c4 c6 3. Nf3 Nf6 4. Nc3 e6 5. Bg5 h6 6. Bh4 dxc4 7. e4 g5 8. Bg3 b5
9. Qc2 Nbd7 10. h4 g4 11. Ne5 Nxe5 12. Bxe5 Bg7 13. Rd1 Qa5 14. a3 O-O 15. Be2
h5 16. O-O Nd7 17. Bxg7 Kxg7 18. Qd2 Qd8 19. g3 f5 20. Qf4 Nb6 21. f3 Qe7 22.
fxg4 hxg4 23. Qe5+ Qf6 24. Qc7+ Rf7 25. Qxc6 Bb7 26. Qxb5 Qg6 27. Qe5+ Kh7 28.
exf5 exf5 29. Rf4 Qc6 30. d5 Qc5+ 31. Qd4 Qc7 32. Rdf1 Raf8 33. Bxc4 Nxc4 34.
Qxc4 Qb6+ 1/2-1/2

[Event "HEM 2013 B Turnier"]
[Site "Korbach"]
[Date "2013.03.28"]
[Round "2.7"]
[White "Braeutigam, Walter"]
[Black "Langhammer, Joerg"]
[Result "1/2-1/2"]
[WhiteElo "1770"]
[BlackElo "1721"]
[PlyCount "70"]
[EventDate "2013.??.??"]
[WhiteTeam "SpVg. Möhnesee von 1921 e.V."]
[BlackTeam "SF Kirchhellen 50/72e"]

1. c4 Nf6 2. Nc3 d5 3. cxd5 Nxd5 4. g3 Nxc3 5. bxc3 c5 6. Bg2 Nc6 7. Nf3 e6 8.
O-O Be7 9. Rb1 O-O 10. d4 Qa5 11. Qc2 Rd8 12. Rd1 Bf6 13. e3 Rb8 14. a4 Bd7 15.
Rb5 Qa6 16. Bf1 Ne7 17. Rxc5 Bxa4 18. Bxa6 Bxc2 19. Rd2 Be4 20. Be2 Rbc8 21.
Ba3 b6 22. Rxc8 Rxc8 23. Bb2 Nd5 24. c4 Nb4 25. Ne1 a5 26. f3 Bb7 27. Ba3 Be7
28. Kf2 Ba6 29. Bxb4 Bxb4 30. Rc2 Kf8 31. Nd3 Bd6 32. Ke1 Bxc4 33. Ne5 Bxe5 34.
Rxc4 Rxc4 35. Bxc4 Bd6 1/2-1/2

[Event "HEM 2013 B Turnier"]
[Site "Korbach"]
[Date "2013.03.28"]
[Round "2.8"]
[White "Kronenburg, Bernd"]
[Black "Foerster, Rudi"]
[Result "0-1"]
[WhiteElo "1786"]
[BlackElo "1882"]
[PlyCount "72"]
[EventDate "2013.??.??"]
[WhiteTeam "SV 1929 Raunheim"]
[BlackTeam "Sfr. Braunfels e. V."]

1. c4 e5 2. e3 f5 3. Nc3 Nf6 4. a3 d5 5. cxd5 Nxd5 6. Bc4 Be6 7. Qb3 c6 8. Qxb7
Be7 9. Qxa8 Nb6 10. Qxa7 Bxc4 11. Qa5 Qd3 12. Nge2 Nd5 13. Qa4 Nxc3 14. Nxc3
O-O 15. Qd1 f4 16. Qe2 e4 17. Qxd3 Bxd3 18. b4 Bf6 19. exf4 Nd7 20. g3 Nb6 21.
a4 Nd5 22. Nxd5 Bxa1 23. Ne7+ Kf7 24. Nxc6 Ra8 25. a5 Rc8 26. f3 Rxc6 27. Kf2
Bd4+ 28. Kg2 Rc2 29. Re1 e3 30. Kh3 exd2 31. Bxd2 Rxd2 32. Rc1 h5 33. Rc7+ Ke6
34. a6 Bg1 35. Kh4 Bxa6 36. Rxg7 Kf6 0-1

[Event "HEM 2013 B Turnier"]
[Site "Korbach"]
[Date "2013.03.28"]
[Round "2.9"]
[White "Siebald, Joerg"]
[Black "Zalewski, Ulrich"]
[Result "1/2-1/2"]
[WhiteElo "1579"]
[BlackElo "1798"]
[PlyCount "120"]
[EventDate "2013.??.??"]
[WhiteTeam "SC Rochade Emsdetten"]
[BlackTeam "SK 1858 Gießen"]

1. c4 Nf6 2. Nc3 e6 3. e4 Nc6 4. d4 Bb4 5. f3 O-O 6. Be3 d5 7. e5 Ne8 8. a3
Bxc3+ 9. bxc3 f6 10. exf6 Nxf6 11. Bd3 e5 12. Qc2 exd4 13. cxd5 Qxd5 14. O-O-O
Qc5 15. cxd4 Qxa3+ 16. Kb1 Be6 17. Bc1 Qb4+ 18. Qb2 Rad8 19. Ne2 Qxb2+ 20. Bxb2
Nd5 21. Rhe1 Ndb4 22. Nf4 Nxd3 23. Nxd3 Bf5 24. Kc1 Bxd3 25. Rxd3 Rfe8 26. Re4
Nb4 27. Rde3 Rxe4 28. fxe4 Rf8 29. Kd2 Rf2+ 30. Re2 Rxe2+ 31. Kxe2 Kf7 32. d5
Na6 33. Ba3 Nb8 34. Ke3 Nd7 35. Kd4 c6 36. dxc6 bxc6 37. Bb4 Ke6 38. Bc3 h5 39.
h4 g6 40. Kc4 Nf6 41. Kd3 Ne8 42. Ke3 Nd6 43. Kf4 c5 44. Ke3 Nb5 45. Ba5 Ke5
46. Bd2 c4 47. Ba5 c3 48. Kd3 c2 49. Bd2 Nd4 50. g3 Ne6 51. Bc3+ Kd6 52. Kxc2
Nc5 53. Bd4 Nxe4 54. Bxa7 Ke5 55. Kd3 Kf5 56. Ke3 Nxg3 57. Kf3 Ne4 58. Be3 Nc3
59. Bd2 Nd5 60. Bc1 Nf6 1/2-1/2

[Event "HEM 2013 B Turnier"]
[Site "Korbach"]
[Date "2013.03.28"]
[Round "2.10"]
[White "Kuehn, Thomas"]
[Black "Straschnej, Paul"]
[Result "1-0"]
[WhiteElo "1913"]
[BlackElo "1554"]
[PlyCount "99"]
[EventDate "2013.??.??"]
[WhiteTeam "Sfr. Braunfels e. V."]
[BlackTeam "Sfr. Bad Emstal 1993"]

1. f4 d6 2. Nf3 Nc6 3. e3 Bg4 4. Be2 g6 5. d3 Bg7 6. c3 Nf6 7. O-O O-O 8. e4 e5
9. fxe5 dxe5 10. Bg5 Qd6 11. Qe1 Be6 12. h3 a6 13. Nbd2 Nd7 14. b4 b5 15. Qh4
f6 16. Be3 Qe7 17. d4 exd4 18. Nxd4 Nxd4 19. Bxd4 Qd8 20. Nb3 Bxb3 21. axb3 Ne5
22. Rad1 Qe8 23. Rd2 c6 24. Rfd1 Nf7 25. Bc5 Ng5 26. Bxf8 Bxf8 27. Bf3 Qe5 28.
Rd3 Be7 29. Qe1 Kf8 30. Qe3 a5 31. bxa5 Bc5 32. Rd8+ Rxd8 33. Rxd8+ Ke7 34. Rd4
Ne6 35. b4 Bxd4 36. cxd4 Qxd4 37. Qxd4 Nxd4 38. a6 Ne6 39. a7 Nc7 40. e5 fxe5
41. Bxc6 Kd6 42. a8=Q Nxa8 43. Bxa8 h5 44. Be4 g5 45. Kf2 Ke7 46. Ke3 Kd6 47.
Kd3 g4 48. hxg4 hxg4 49. Ke3 Kc7 50. Kf2 1-0

[Event "HEM 2013 B Turnier"]
[Site "Korbach"]
[Date "2013.03.28"]
[Round "2.11"]
[White "Renk, Cornelius"]
[Black "Ackermann, Emil"]
[Result "0-1"]
[WhiteElo "1837"]
[BlackElo "1703"]
[PlyCount "68"]
[EventDate "2013.??.??"]
[WhiteTeam "SC Marsberg e.V."]
[BlackTeam "SV Anderssen Arolsen"]

1. d4 Nf6 2. c4 g6 3. Nc3 Bg7 4. e4 d6 5. Nf3 O-O 6. Be2 Nc6 7. d5 Nb8 8. O-O
e6 9. Bg5 h6 10. Bh4 e5 11. Ne1 g5 12. Bg3 a5 13. f3 Nh5 14. Bf2 Nf4 15. Nd3 b6
16. Nxf4 gxf4 17. a3 f5 18. b4 fxe4 19. Nxe4 Kh8 20. c5 Bf5 21. cxd6 cxd6 22.
Rc1 Rg8 23. Bd3 Bxe4 24. fxe4 axb4 25. axb4 Ra7 26. Qh5 Bf6 27. Qxh6+ Rh7 28.
Qxh7+ Kxh7 29. Rc2 Bh4 30. Bxh4 Qxh4 31. Rfc1 Qg5 32. Rc7+ Kh6 33. R1c2 f3 34.
g3 Qe3+ 0-1

[Event "HEM 2013 B Turnier"]
[Site "Korbach"]
[Date "2013.03.28"]
[Round "2.12"]
[White "Shkolnyk, Boris"]
[Black "Dinslage, Klaus-Dieter"]
[Result "0-1"]
[WhiteElo "1892"]
[BlackElo "1540"]
[PlyCount "68"]
[EventDate "2013.??.??"]
[WhiteTeam "Sfr. Korbach"]
[BlackTeam "Bahn-SC Wuppertal"]

1. d4 d5 2. Nf3 Nf6 3. c4 e6 4. e3 b6 5. Bd3 Be7 6. O-O O-O 7. Nc3 Bb7 8. cxd5
Nxd5 9. e4 Nxc3 10. bxc3 Nd7 11. e5 Rc8 12. Be3 c5 13. Nd2 f6 14. f4 Rf7 15.
Bc4 Nf8 16. f5 Bd5 17. fxe6 Nxe6 18. Bd3 cxd4 19. cxd4 Qf8 20. Qh5 g6 21. Qe2
f5 22. Bc4 Bxc4 23. Nxc4 f4 24. d5 fxe3 25. dxe6 Rf2 26. Qd3 Bc5 27. Nxe3 Qf4
28. Rae1 Rxf1+ 29. Qxf1 Bxe3+ 30. Kh1 Qxf1+ 31. Rxf1 Rc1 32. Rxc1 Bxc1 33. g3
Kf8 34. Kg2 Ke7 0-1

[Event "HEM 2013 B Turnier"]
[Site "Korbach"]
[Date "2013.03.28"]
[Round "2.13"]
[White "Lorch, Alexander"]
[Black "Kies, Wolfgang"]
[Result "0-1"]
[WhiteElo "1365"]
[BlackElo "1894"]
[PlyCount "112"]
[EventDate "2013.??.??"]
[WhiteTeam "SC Eschwege"]
[BlackTeam "SC Marsberg e.V."]

1. d4 d5 2. c4 e6 3. cxd5 exd5 4. Nc3 Nf6 5. Bg5 c6 6. e3 Be7 7. Qc2 Bg4 8. h3
Bh5 9. Bd3 Bg6 10. Bxg6 hxg6 11. Nf3 Nbd7 12. Bf4 O-O 13. O-O Re8 14. a3 Bf8
15. b4 Nb6 16. Nd2 Bd6 17. Bxd6 Qxd6 18. Rae1 Re7 19. Qd3 Rae8 20. e4 dxe4 21.
Ncxe4 Nxe4 22. Rxe4 f5 23. Rxe7 Rxe7 24. Nf3 Nd7 25. Re1 Rxe1+ 26. Nxe1 Nf8 27.
Nf3 Ne6 28. Qe3 b6 29. Kf1 Qd5 30. Qe5 Qxe5 31. dxe5 g5 32. Ke2 Kf7 33. g3 Ke7
34. Kd3 Kd7 35. Nd2 f4 36. Ne4 fxg3 37. fxg3 a5 38. Kc4 axb4 39. axb4 Kc7 40.
g4 b5+ 41. Kc3 Kb6 42. Kd3 c5 43. Kc3 c4 44. Nd6 Nc5 45. bxc5+ Kxc5 46. Nb7+
Kd5 47. Kb4 Kd4 48. e6 Ke4 49. Nd6+ Ke5 50. Nf5 Kxe6 51. h4 gxh4 52. Nxh4 g5
53. Nf3 Kd5 54. Kxb5 Ke4 55. Kxc4 Kxf3 56. Kd5 Kxg4 0-1

[Event "HEM 2013 B Turnier"]
[Site "Korbach"]
[Date "2013.03.28"]
[Round "2.14"]
[White "Meul, Willi"]
[Black "Dresen, Dietmar"]
[Result "1-0"]
[WhiteElo "1854"]
[BlackElo "1660"]
[PlyCount "39"]
[EventDate "2013.??.??"]
[WhiteTeam "SV 1925 Hürth-Berrenra"]
[BlackTeam "Bedburger SV 1947 e.V."]

1. d4 c5 2. e3 cxd4 3. exd4 d5 4. Bd3 Nf6 5. Bf4 e6 6. Qe2 Bd6 7. Bxd6 Qxd6 8.
Nf3 O-O 9. O-O Nc6 10. c3 h6 11. Nbd2 Nd7 12. Rae1 e5 13. dxe5 Ndxe5 14. Nxe5
Re8 15. f4 f6 16. Qh5 Re7 17. Nxc6 Rxe1 18. Rxe1 Be6 19. Nd4 Qxf4 20. Rxe6 1-0

[Event "HEM 2013 B Turnier"]
[Site "Korbach"]
[Date "2013.03.28"]
[Round "2.15"]
[White "Kienel, Michael"]
[Black "Popov, Vadim"]
[Result "0-1"]
[WhiteElo "1497"]
[BlackElo "1688"]
[PlyCount "56"]
[EventDate "2013.??.??"]
[WhiteTeam "Peiner SV"]
[BlackTeam "SK 1858 Gießen"]

1. e4 e6 2. d4 d5 3. e5 c5 4. c3 Qb6 5. Nf3 Bd7 6. Bd3 Bb5 7. O-O Bxd3 8. Qxd3
Nc6 9. Na3 c4 10. Qe2 Bxa3 11. bxa3 Nge7 12. a4 Qa5 13. Qd2 Qxa4 14. Qg5 Ng6
15. h4 h6 16. Qg3 Rg8 17. h5 Nge7 18. Nh4 Qc2 19. f4 Nf5 20. Nxf5 Qxf5 21. Qf3
g6 22. g4 gxh5 23. g5 O-O-O 24. Kf2 hxg5 25. Qxh5 Qc2+ 26. Qe2 Qxc3 27. fxg5
Nxd4 28. Qe1 Qxa1 0-1

[Event "HEM 2013 B Turnier"]
[Site "Korbach"]
[Date "2013.03.28"]
[Round "2.16"]
[White "Mierendorf, Werner"]
[Black "Becker, Robin"]
[Result "1-0"]
[WhiteElo "1603"]
[BlackElo "1454"]
[PlyCount "63"]
[EventDate "2013.??.??"]
[WhiteTeam "SK Upland-Willingen"]
[BlackTeam "SV Meschede e.V."]

1. e4 c6 2. d4 d5 3. Nc3 dxe4 4. Nxe4 Nf6 5. Nxf6+ gxf6 6. Nf3 Bf5 7. Bd3 Bxd3
8. Qxd3 e6 9. Be3 Nd7 10. O-O Qc7 11. c4 Nb6 12. Rfc1 Qd7 13. a4 c5 14. a5 Na4
15. Qb3 cxd4 16. Bxd4 Nc5 17. Qe3 Qe7 18. b4 Nd7 19. c5 Rc8 20. Rc2 a6 21. Rac1
Nb8 22. Nd2 e5 23. Bb2 Nc6 24. Ne4 Qe6 25. Rc4 Rd8 26. f4 Be7 27. Ng3 Rd1+ 28.
Kf2 Rxc1 29. Qxc1 O-O 30. f5 Qd7 31. Qh6 Kh8 32. Rh4 1-0

[Event "HEM 2013 B Turnier"]
[Site "Korbach"]
[Date "2013.03.28"]
[Round "2.17"]
[White "Alefs, Willi"]
[Black "Seemke, Erwin"]
[Result "1-0"]
[WhiteElo "1898"]
[BlackElo "1162"]
[PlyCount "73"]
[EventDate "2013.??.??"]
[WhiteTeam "SC Fuldatal"]
[BlackTeam "Sfr. Korbach"]

1. c4 c6 2. b3 Nf6 3. Bb2 e6 4. e3 d5 5. Nf3 Bd6 6. Qc2 Nbd7 7. Nc3 Ne5 8. Be2
Nxf3+ 9. Bxf3 Be5 10. d4 Bd6 11. c5 Bc7 12. O-O-O O-O 13. g4 e5 14. h3 e4 15.
Be2 Nd7 16. h4 f5 17. gxf5 Rxf5 18. Bg4 Rf7 19. Be6 Nf6 20. Bxf7+ Kxf7 21. Rdf1
Bg4 22. Ne2 Bf3 23. Rhg1 Ng4 24. Ng3 Qxh4 25. Nf5 Qf6 26. Ng3 Qh4 27. Qd2 a5
28. Ba3 Qd8 29. Kb1 Qb8 30. Re1 b6 31. cxb6 Bxb6 32. Qc2 Qc7 33. Nf5 Kf6 34.
Ne7 Ke6 35. Rc1 Qb7 36. Qxc6+ Qxc6 37. Rxc6+ 1-0

[Event "HEM 2013 B Turnier"]
[Site "Korbach"]
[Date "2013.03.28"]
[Round "2.18"]
[White "Martens, Nick"]
[Black "Fehling, Janek"]
[Result "1-0"]
[WhiteElo "1747"]
[BlackElo "995"]
[PlyCount "111"]
[EventDate "2013.??.??"]
[WhiteTeam "SF Battenberg"]
[BlackTeam "SK Turm Bad Hersfeld"]

1. d4 d5 2. c4 Nf6 3. Nc3 e6 4. Bg5 Be7 5. e3 h6 6. Bh4 b6 7. Nf3 O-O 8. Qc2
Ba6 9. Ne5 c6 10. b3 Bb7 11. Bd3 Nbd7 12. Nf3 a6 13. h3 Qe8 14. g4 Kh8 15. g5
hxg5 16. Bxg5 Nh5 17. Bxe7 Qxe7 18. O-O-O Rac8 19. Rhg1 Qf6 20. Be2 c5 21. cxd5
cxd4 22. Nxd4 Qxf2 23. Qd2 Ng3 24. Kb2 Bxd5 25. Nxd5 exd5 26. Bxa6 Qxd2+ 27.
Rxd2 Ra8 28. Bb7 Rab8 29. Bxd5 Nh5 30. Rdg2 Ndf6 31. Bf3 g6 32. Rg5 Ng7 33. h4
Rfe8 34. Re1 Kh7 35. e4 Rbd8 36. Nc6 Rd3 37. Bg2 Ne6 38. Kc2 Nxg5 39. Kxd3 Ne6
40. Bh1 Ng4 41. Kc4 Nc7 42. Bf3 Nf6 43. a4 Ra8 44. Rf1 Nfe8 45. e5 Ng7 46. Be4
Kg8 47. Ne7+ Kf8 48. Nxg6+ Kg8 49. Ne7+ Kf8 50. Bxa8 Kxe7 51. Bd5 Nxd5 52. Kxd5
Ne6 53. h5 Kf8 54. Kc6 Nd4+ 55. Kxb6 Nxb3 56. e6 1-0

[Event "HEM 2013 B Turnier"]
[Site "Korbach"]
[Date "2013.03.28"]
[Round "2.19"]
[White "Hoepfner, Michael"]
[Black "Reichel, Rolf"]
[Result "1/2-1/2"]
[WhiteElo "1300"]
[BlackElo "1776"]
[PlyCount "60"]
[EventDate "2013.??.??"]
[WhiteTeam "Kasseler SK 1876"]
[BlackTeam "Sfr. Frankfurt 1921"]

1. f4 e5 2. fxe5 d6 3. exd6 Bxd6 4. Nf3 g5 5. g3 g4 6. Nh4 Be7 7. Ng2 h5 8. d4
Nf6 9. Bg5 Ne4 10. Bxe7 Qxe7 11. Qd3 Bf5 12. Qe3 Qb4+ 13. Nc3 Nd7 14. O-O-O
Ndf6 15. Nf4 O-O-O 16. Bg2 Rhe8 17. Nxe4 Nxe4 18. Rhf1 Nd6 19. Qd2 Qxd2+ 20.
Rxd2 Nc4 21. c3 Nxd2 22. Kxd2 Be4 23. Bxe4 Rxe4 24. Nxh5 Rde8 25. Rf2 R4e7 26.
Nf6 Rd8 27. Nxg4 c5 28. e3 cxd4 29. exd4 b5 30. Rf5 a6 1/2-1/2

[Event "HEM 2013 B Turnier"]
[Site "Korbach"]
[Date "2013.03.28"]
[Round "2.20"]
[White "Weber, Stefan"]
[Black "Bekkink, Joey"]
[Result "1/2-1/2"]
[WhiteElo "1512"]
[BlackElo "1496"]
[PlyCount "87"]
[EventDate "2013.??.??"]
[WhiteTeam "Sfr. Korbach"]
[BlackTeam "Caissa Eenhoorn"]

1. e4 c5 2. f4 d6 3. Nf3 Nf6 4. Nc3 e6 5. Bc4 a6 6. a4 Be7 7. d4 cxd4 8. Nxd4
Nc6 9. Nxc6 bxc6 10. O-O d5 11. exd5 cxd5 12. Bd3 Qb6+ 13. Kh1 O-O 14. a5 Qc7
15. Ne2 Rb8 16. b3 Bb4 17. Bb2 Nd7 18. Bxh7+ Kxh7 19. Qd3+ Kg8 20. Rf3 Nc5 21.
Qd4 f6 22. Ba3 Bxa3 23. Rxa3 Qd6 24. b4 Nd7 25. c3 e5 26. fxe5 Qxe5 27. Qd3 Qe4
28. Qd1 Ne5 29. Ng3 Qc4 30. Rf1 Bg4 31. Qd2 Qb5 32. Rf4 Nc4 33. Qd4 Nxa3 34.
Rxg4 Rbe8 35. h3 Nc2 36. Qf4 Qd3 37. Nh5 Rf7 38. Nxf6+ Kf8 39. Qd6+ Rfe7 40.
Nxe8 Kxe8 41. Qb8+ Kf7 42. Rf4+ Ke6 43. Qb6+ Ke5 44. Qb8+ 1/2-1/2

[Event "HEM 2013 B Turnier"]
[Site "Korbach"]
[Date "2013.03.28"]
[Round "2.21"]
[White "Johnen, Franz"]
[Black "Grasmik, Waldemar"]
[Result "1-0"]
[WhiteElo "1764"]
[BlackElo "1599"]
[PlyCount "59"]
[EventDate "2013.??.??"]
[WhiteTeam "SVigung 1928 Alsdorf e"]
[BlackTeam "TSV 1876 Bad Kissingen"]

1. d4 e5 2. e3 a6 3. c4 Nc6 4. d5 Nb8 5. Nc3 c6 6. Nf3 d6 7. e4 h5 8. Be2 g6 9.
Bg5 Be7 10. Be3 Bg4 11. h3 Bxf3 12. Bxf3 Bg5 13. Qd2 Bxe3 14. Qxe3 c5 15. O-O
Nh6 16. a3 Ng4 17. hxg4 hxg4 18. Bxg4 Qh4 19. Bh3 g5 20. Qg3 Qh6 21. Qg4 Kf8
22. b4 Kg7 23. bxc5 dxc5 24. f4 f6 25. fxe5 fxe5 26. Rf5 b5 27. Rxg5+ Kf7 28.
Rf1+ Ke7 29. Rg7+ Ke8 30. Qc8# 1-0

[Event "HEM 2013 B Turnier"]
[Site "Korbach"]
[Date "2013.03.28"]
[Round "2.22"]
[White "Benedikt, Alexander"]
[Black "Risius, Joerg"]
[Result "1-0"]
[WhiteElo "1775"]
[BlackElo "1309"]
[PlyCount "49"]
[EventDate "2013.??.??"]
[WhiteTeam "Sfr. Bad Emstal 1993"]
[BlackTeam "SK 1858 Gießen"]

1. e4 d6 2. d4 Nf6 3. Nc3 g6 4. Nf3 Bg7 5. Bc4 O-O 6. h3 Nxe4 7. Nxe4 d5 8.
Bxd5 Qxd5 9. Nc3 Qd8 10. O-O Nc6 11. Be3 Re8 12. a3 Bd7 13. Qd2 e5 14. dxe5
Nxe5 15. Nxe5 Rxe5 16. Rad1 Re7 17. Bc5 Bxc3 18. bxc3 Re8 19. Qxd7 Qxd7 20.
Rxd7 Re2 21. Rxc7 b6 22. Bd4 Rae8 23. Rxa7 Rxc2 24. Rb1 Kf8 25. Rxb6 1-0

[Event "HEM 2013 B Turnier"]
[Site "Korbach"]
[Date "2013.03.28"]
[Round "2.24"]
[White "Buettner, Rudi"]
[Black "Unruh, Hartmut"]
[Result "1/2-1/2"]
[WhiteElo "1462"]
[BlackElo "1670"]
[PlyCount "35"]
[EventDate "2013.??.??"]
[WhiteTeam "SK Bad Sooden-Allendorf"]
[BlackTeam "Sfr. Korbach"]

1. d4 d6 2. Nf3 g6 3. e4 Bg7 4. Bc4 Nf6 5. Nc3 O-O 6. O-O Bg4 7. Be2 a6 8. Be3
Be6 9. Ng5 Bc8 10. f4 h6 11. Nf3 Ng4 12. Bd2 e5 13. dxe5 dxe5 14. h3 Nf6 15.
fxe5 Nh7 16. Bc4 Re8 17. Rb1 Nc6 18. Bf4 1/2-1/2

[Event "HEM 2013 B Turnier"]
[Site "Korbach"]
[Date "2013.03.28"]
[Round "2.25"]
[White "Meise, Jan"]
[Black "Kalkuhl, Thorsten"]
[Result "1-0"]
[WhiteElo "1454"]
[BlackElo "1209"]
[PlyCount "55"]
[EventDate "2013.??.??"]
[WhiteTeam "ESV Rot-Weiß Göttingen"]
[BlackTeam "SC Marsberg e.V."]

1. e4 c6 2. d4 d5 3. e5 c5 4. c3 c4 5. g3 e6 6. Bg2 Ne7 7. Nh3 Nf5 8. O-O Be7
9. Re1 Bd7 10. b3 b5 11. bxc4 bxc4 12. Ba3 Bxa3 13. Nxa3 Qa5 14. Nxc4 Qxc3 15.
Nd6+ Nxd6 16. exd6 O-O 17. Nf4 Qc6 18. Qh5 Qxd6 19. Bf1 Nc6 20. Rad1 g6 21. Qh6
e5 22. Nh5 gxh5 23. Qxd6 Rfd8 24. dxe5 Bg4 25. Qxc6 Rac8 26. Qf6 Bxd1 27. Rxd1
Re8 28. Bh3 1-0

[Event "HEM 2013 B Turnier"]
[Site "Korbach"]
[Date "2013.03.28"]
[Round "2.26"]
[White "Barchfeld, Peter"]
[Black "Pabst, Olaf"]
[Result "0-1"]
[WhiteElo "1175"]
[BlackElo "1681"]
[PlyCount "138"]
[EventDate "2013.??.??"]
[WhiteTeam "SAbt TG Wehlheiden"]
[BlackTeam "Sfr. Korbach"]

1. e4 g6 2. d4 Bg7 3. Nf3 d6 4. Bc4 e6 5. Be3 a6 6. Nbd2 Nc6 7. a3 Nge7 8. Ba2
d5 9. e5 h6 10. g4 Bd7 11. c4 Na5 12. b3 b6 13. O-O O-O 14. Ne1 f5 15. f4 fxg4
16. Qxg4 h5 17. Qg2 c6 18. Bb1 Be8 19. Nef3 Nf5 20. Bxf5 Rxf5 21. Nh4 Qxh4 22.
Nf3 Qg4 23. Qxg4 hxg4 24. Ng5 Bd7 25. cxd5 cxd5 26. Rab1 Bh6 27. h4 gxh3 28.
Nxh3 Rc8 29. Bd2 Nc6 30. Be3 Ne7 31. Rbc1 Rff8 32. Bd2 Rxc1 33. Rxc1 Rc8 34.
Rxc8+ Bxc8 35. Kf2 Nf5 36. Bc3 a5 37. Kf3 Bf8 38. Bb2 Be7 39. Ng5 Kg7 40. Nh3
Kh6 41. Nf2 Kg7 42. Nh3 b5 43. Ng5 Bd8 44. Kg4 Be7 45. Nf3 Ne3+ 46. Kh3 Nd1 47.
Bc1 Nf2+ 48. Kg3 Ne4+ 49. Kg2 b4 50. a4 Ba6 51. Kh3 Be2 52. Ng5 Nxg5+ 53. fxg5
Bd1 54. Kg3 Bxb3 55. Kf2 Bxa4 56. Bd2 Bc2 57. Ke2 a4 58. Bc1 a3 59. Kd2 Be4 60.
Kd1 b3 61. Bxa3 Bxa3 62. Ke2 b2 63. Kd2 b1=Q 64. Ke2 Qd3+ 65. Ke1 Bb4+ 66. Kf2
Qxd4+ 67. Ke2 Qd3+ 68. Kf2 Qf3+ 69. Kg1 Qg2# 0-1